[Event "26th WSCC 2016 Open 50+"]
[Site "Marianske Lazne, Czech Republic - Hotel Cristal and Continental"]
[Date "2016.11.24"]
[Round "6.20"]
[White "Madeira, Wagner Martins"]
[Black "Syrchikov, Alexander"]
[Result "1/2-1/2"]
[WhiteElo "2172"]
[BlackElo "2416"]
[PlyCount "76"]
[EventDate "2016.11.19"]

1. e4 c5 2. Nf3 d6 3. d4 cxd4 4. Nxd4 Nf6 5. Nc3 g6 6. Be3 Bg7 7. f3 Nc6 8. Qd2
O-O 9. Bc4 Bd7 10. O-O-O Qc7 11. Bb3 Rfc8 12. g4 Na5 13. Kb1 Nxb3 14. cxb3 a5
15. Nde2 Ra6 16. Bd4 e5 17. Be3 b5 18. g5 b4 19. gxf6 bxc3 20. Nxc3 Bxf6 21.
Nd5 Qd8 22. Rc1 Bh4 23. Rxc8 Bxc8 24. Rc1 Bb7 25. Nc7 Rc6 26. Rxc6 Bxc6 27.
Qxa5 Qf6 28. Qc3 Qxf3 29. Qxc6 Qxe3 30. a3 Qg1+ 31. Ka2 Qxh2 32. a4 Be1 33. a5
Qd2 34. a6 Qa5+ 35. Kb1 Bf2 36. Nb5 Qe1+ 37. Ka2 Qa5+ 38. Kb1 Qe1+ 1/2-1/2

[Event "26th WSCC 2016 Open 50+"]
[Site "Marianske Lazne, Czech Republic - Hotel Cristal and Continental"]
[Date "2016.11.24"]
[Round "6.21"]
[White "Bartos, Jan"]
[Black "Rakhimov, Zinnour K"]
[Result "1/2-1/2"]
[WhiteElo "2151"]
[BlackElo "2398"]
[PlyCount "81"]
[EventDate "2016.11.19"]

1. d4 Nf6 2. c4 c5 3. d5 e6 4. Nc3 exd5 5. cxd5 d6 6. e4 g6 7. Bd3 Bg7 8. h3
O-O 9. Nf3 Re8 10. O-O c4 11. Bxc4 Nxe4 12. Nxe4 Rxe4 13. Bd3 Re8 14. Bg5 Bf6
15. Qa4 Nd7 16. Qh4 Bxg5 17. Nxg5 Nf8 18. f4 Qf6 19. f5 gxf5 20. Qf4 Ng6 21.
Qa4 Re3 22. Ne4 Qh4 23. Qe8+ Kg7 24. Rac1 Rxe4 25. Bxe4 Qxe4 26. Rfe1 Qh4 27.
Rc7 Be6 28. Qxe6 Rf8 29. Rf1 Qd4+ 30. Kh1 f4 31. Qxd6 Qxb2 32. Qc5 Rd8 33. d6
Qe2 34. Rxf4 Nxf4 35. Qg5+ Ng6 36. Qxd8 Qf1+ 37. Kh2 Qf4+ 38. Kg1 Qe3+ 39. Kf1
Qd3+ 40. Kg1 Qe3+ 41. Kf1 1/2-1/2

[Event "26th WSCC 2016 Open 50+"]
[Site "Marianske Lazne, Czech Republic - Hotel Cristal and Continental"]
[Date "2016.11.24"]
[Round "6.22"]
[White "Guner, Bulent"]
[Black "Ginsburg, Mark"]
[Result "0-1"]
[WhiteElo "2130"]
[BlackElo "2340"]
[PlyCount "94"]
[EventDate "2016.11.19"]

1. d4 Nf6 2. Nf3 g6 3. Bg5 Bg7 4. c3 d6 5. Nbd2 Nbd7 6. e4 h6 7. Bh4 g5 8. Bg3
Nh5 9. Bc4 e6 10. Qe2 a6 11. O-O-O b5 12. Bd3 Bb7 13. e5 d5 14. Nb3 c6 15. Nfd2
Nxg3 16. hxg3 c5 17. Nxc5 Nxc5 18. dxc5 Qc7 19. f4 Qxc5 20. Kb1 O-O-O 21. Nb3
Qb6 22. Rc1 Kb8 23. a3 gxf4 24. gxf4 Bf8 25. Rh3 Rg8 26. g3 Rc8 27. Bh7 Rg7 28.
Bd3 Be7 29. Nd4 b4 30. axb4 Bxb4 31. cxb4 Rxc1+ 32. Kxc1 Qxd4 33. Bxa6 f5 34.
exf6 Rc7+ 35. Kb1 Bxa6 36. Qxa6 Qe4+ 37. Ka2 Ra7 38. Qxa7+ Kxa7 39. Rxh6 Qf5
40. Kb3 Kb6 41. Ka2 Kb5 42. Ka3 Kc4 43. b5 Kxb5 44. Kb3 Kc5 45. Kc3 Qg4 46. b4+
Kd6 47. f7 Qg7+ 0-1

[Event "26th WSCC 2016 Open 50+"]
[Site "Marianske Lazne, Czech Republic - Hotel Cristal and Continental"]
[Date "2016.11.24"]
[Round "6.23"]
[White "Hrbolka, Ladislav"]
[Black "Schroll, Gerhard"]
[Result "1/2-1/2"]
[WhiteElo "2094"]
[BlackElo "2314"]
[PlyCount "33"]
[EventDate "2016.11.19"]

1. d4 f5 2. Nf3 Nf6 3. g3 e6 4. Bg2 d5 5. O-O Bd6 6. c4 c6 7. Nc3 O-O 8. Qc2
Qe7 9. b3 Bd7 10. c5 Bc7 11. Bf4 Bxf4 12. gxf4 Be8 13. b4 Ne4 14. Rab1 h6 15.
Ne5 Nd7 16. Nxd7 Bxd7 17. e3 1/2-1/2

[Event "26th WSCC 2016 Open 50+"]
[Site "Marianske Lazne, Czech Republic - Hotel Cristal and Continental"]
[Date "2016.11.24"]
[Round "6.24"]
[White "Larsen, Peter"]
[Black "Agusto, Obafunmilayo"]
[Result "1-0"]
[WhiteElo "2248"]
[BlackElo "2144"]
[PlyCount "73"]
[EventDate "2016.11.19"]

1. e4 c5 2. Nc3 d6 3. f4 Nf6 4. Nf3 e6 5. g3 Be7 6. Bg2 Nc6 7. d4 cxd4 8. Nxd4
Qb6 9. Nb3 a5 10. Qe2 a4 11. Be3 Qb4 12. a3 axb3 13. axb4 Rxa1+ 14. Kf2 Rxh1
15. Bxh1 bxc2 16. h3 O-O 17. Na2 d5 18. Qxc2 Nxe4+ 19. Bxe4 dxe4 20. b5 Nb8 21.
Qxe4 Nd7 22. Nc3 Rd8 23. Qc4 Nf6 24. Bb6 Re8 25. Bc5 Bxc5+ 26. Qxc5 e5 27. fxe5
Nd7 28. Qc7 Nxe5 29. g4 f5 30. g5 f4 31. Nd5 Bxh3 32. Nxf4 Bd7 33. Qxb7 Bf5 34.
Qd5+ Kh8 35. Kg3 Bg6 36. Nxg6+ Nxg6 37. b6 1-0

[Event "26th WSCC 2016 Open 50+"]
[Site "Marianske Lazne, Czech Republic - Hotel Cristal and Continental"]
[Date "2016.11.24"]
[Round "6.25"]
[White "Brito, Luismar"]
[Black "Baimurzin, Aitkazy"]
[Result "0-1"]
[WhiteElo "2242"]
[BlackElo "2132"]
[PlyCount "212"]
[EventDate "2016.11.19"]

1. Nc3 c5 2. Nf3 a6 3. d4 cxd4 4. Qxd4 Nc6 5. Qh4 Nf6 6. Bg5 e6 7. O-O-O Be7 8.
e4 Qa5 9. Kb1 h6 10. Bd2 Rg8 11. Qg3 Kf8 12. e5 Ne8 13. Bc4 Qc7 14. Rhe1 b5 15.
Bb3 Bb7 16. Nh4 Nxe5 17. f4 Nc4 18. Bc1 Rd8 19. Qh3 Nf6 20. g4 d5 21. g5 hxg5
22. fxg5 Ne4 23. Nxe4 dxe4 24. Qf1 Ke8 25. g6 Bxh4 26. Rxd8+ Bxd8 27. Bxc4 bxc4
28. gxf7+ Qxf7 29. Qxc4 Qd7 30. Qb3 Bf6 31. Re2 Kf7 32. Rd2 Qc8 33. Qh3 Rh8 34.
Qg3 Bd5 35. Qd6 Qc6 36. Qa3 Rb8 37. Rf2 Ke8 38. Qg3 e5 39. Qh3 Ke7 40. Rd2 Be6
41. Qa3+ Kf7 42. Qe3 Rb7 43. b3 Rd7 44. Rf2 Bg4 45. Bd2 Bf3 46. Bc3 Rd1+ 47.
Kb2 Bh4 48. Rd2 Rxd2 49. Qxd2 Ke6 50. Qe3 Be7 51. a4 Qc5 52. Qe1 g5 53. Qf1 Qc6
54. Qh3+ g4 55. Qh6+ Kd7 56. Qg7 Qf6 57. Qg8 e3 58. Qb8 Bc5 59. Ba5 Qe7 60.
Qc7+ Ke6 61. Qc8+ Kf7 62. Qxa6 e2 63. Qd3 Kg7 64. h3 Bd4+ 65. Ka2 Qa7 66. Bd2
e4 67. Qb5 gxh3 68. Qg5+ Kf7 69. Qf5+ Bf6 70. Qh7+ Bg7 71. Bc3 Qg1 72. Qf5+ Kg8
73. Qd5+ Kh7 74. Qf5+ Qg6 75. Qxh3+ Bh5 76. Be1 Qg4 77. Qh2 Qf5 78. Qh4 Bf6 79.
Qh1 Kg6 80. Qg1+ Bg4 81. Qg3 Qf3 82. Qb8 Be6 83. a5 Qf1 84. Qb4 Qf5 85. a6 Qd5
86. a7 Qd1 87. Qxe4+ Kg7 88. Qb7+ Bf7 89. Qg2+ Bg6 90. Qb7+ Kh6 91. Qh1+ Bh5
92. c3 Qc2+ 93. Ka3 Be7+ 94. b4 Qc1+ 95. Ka2 Qc2+ 96. Ka3 Bg5 97. Qc6+ Bg6 98.
Qh1+ Kg7 99. Bd2 Bxd2 100. Qb7+ Kh6 101. Qh1+ Bh5 102. Qc6+ Kg5 103. Qd5+ Kh4
104. Qd4+ Bg4 105. Qd8+ Bg5 106. Qh8+ Kg3 0-1

[Event "26th WSCC 2016 Open 50+"]
[Site "Marianske Lazne, Czech Republic - Hotel Cristal and Continental"]
[Date "2016.11.24"]
[Round "6.26"]
[White "Gueci, Riccardo"]
[Black "Fritsch, Rolf"]
[Result "1-0"]
[WhiteElo "2121"]
[BlackElo "2235"]
[PlyCount "129"]
[EventDate "2016.11.19"]

1. e4 Nf6 2. d3 g6 3. b3 Bg7 4. Bb2 d6 5. Ne2 c5 6. g3 Nc6 7. Bg2 e5 8. h3 O-O
9. O-O d5 10. Nd2 d4 11. f4 Re8 12. Nf3 b6 13. Bc1 Nd7 14. f5 gxf5 15. Nh4 Ne7
16. exf5 Rb8 17. g4 Bb7 18. g5 Bxg2 19. Nxg2 f6 20. h4 Rf8 21. Ng3 Qe8 22. Qf3
Qf7 23. Bd2 Qd5 24. Qh5 Qf7 25. Qg4 b5 26. a4 b4 27. Rf2 a5 28. Raf1 Rb6 29.
Ne4 Kh8 30. Rf3 Rg8 31. Kf2 Rc6 32. Ke1 Rb6 33. Kd1 Rc6 34. Ne1 Rb6 35. Rg3 Bf8
36. Kc1 Rc6 37. Kb2 Rb6 38. Nf3 Nd5 39. g6 Qe7 40. Qh5 Ne3 41. Rfg1 Rg7 42. Nh2
Nd5 43. Bh6 Nf4 44. Qf3 hxg6 45. Bxg7+ Bxg7 46. fxg6 f5 47. Ng5 Rxg6 48. Nf7+
Qxf7 49. Rxg6 Nxg6 50. Qh5+ Kg8 51. Qxg6 Qxg6 52. Rxg6 Kf7 53. Ra6 e4 54. dxe4
fxe4 55. Kc1 Be5 56. Ng4 Bf4+ 57. Kd1 c4 58. bxc4 b3 59. cxb3 Ke7 60. Rxa5 d3
61. Nf2 Bc7 62. Ra7 Bb6 63. Rxd7+ Kxd7 64. Nxe4 Be3 65. b4 1-0

[Event "26th WSCC 2016 Open 50+"]
[Site "Marianske Lazne, Czech Republic - Hotel Cristal and Continental"]
[Date "2016.11.24"]
[Round "6.27"]
[White "Chan, Peng Kong"]
[Black "Tesar, Jan"]
[Result "1/2-1/2"]
[WhiteElo "2233"]
[BlackElo "2072"]
[PlyCount "72"]
[EventDate "2016.11.19"]

1. d4 d5 2. c4 Nc6 3. Nf3 Bg4 4. cxd5 Bxf3 5. dxc6 Bxc6 6. Nc3 e6 7. Bf4 Bd6 8.
Qd2 Ne7 9. Bg5 h6 10. Bh4 Qd7 11. e4 O-O-O 12. O-O-O Ng6 13. Bg3 Qe7 14. Bb5
Bxg3 15. hxg3 Bxb5 16. Nxb5 a6 17. Nc3 Qb4 18. Rh5 Rd7 19. Qe3 Rhd8 20. d5 Kb8
21. f4 Nf8 22. Kc2 Nh7 23. a3 Qe7 24. Re5 Nf8 25. dxe6 Rxd1 26. Nxd1 fxe6 27.
Nc3 Nd7 28. Rh5 Nb6 29. Rc5 Qd7 30. b3 Qe7 31. a4 Qd6 32. g4 Nd7 33. Rc4 Nb6
34. Rc5 Nd7 35. Rc4 Nb6 36. Rc5 Nd7 1/2-1/2

[Event "26th WSCC 2016 Open 50+"]
[Site "Marianske Lazne, Czech Republic - Hotel Cristal and Continental"]
[Date "2016.11.24"]
[Round "6.28"]
[White "Yasin, Hur"]
[Black "Smolin, Sergey"]
[Result "0-1"]
[WhiteElo "2075"]
[BlackElo "2224"]
[PlyCount "76"]
[EventDate "2016.11.19"]

1. e4 g6 2. d4 Bg7 3. f4 d5 4. e5 h5 5. Be3 Nh6 6. Nf3 Bg4 7. Bf2 e6 8. Bd3 Bf8
9. c3 Nd7 10. Nbd2 c5 11. Qa4 c4 12. Bf1 b5 13. Qc2 Bf5 14. Qc1 Be7 15. g3 h4
16. a4 b4 17. cxb4 Ng4 18. Bg2 h3 19. Bf1 Bxb4 20. Be2 Qa5 21. O-O Rb8 22. Nb1
Ke7 23. Nc3 Bxc3 24. bxc3 Rb3 25. Be1 Rhb8 26. Nh4 Rb2 27. Nxf5+ gxf5 28. Bxg4
Rg2+ 29. Kh1 fxg4 30. Rf2 Rxf2 31. Bxf2 f5 32. exf6+ Nxf6 33. f5 Ne4 34. f6+
Kd7 35. Be1 Qb6 36. Qa3 Qb2 37. Qe7+ Kc6 38. Qxe6+ Nd6 0-1

[Event "26th WSCC 2016 Open 50+"]
[Site "Marianske Lazne, Czech Republic - Hotel Cristal and Continental"]
[Date "2016.11.24"]
[Round "6.29"]
[White "Juricek, Stanislav"]
[Black "Schatz, Christian"]
[Result "1/2-1/2"]
[WhiteElo "2043"]
[BlackElo "2218"]
[PlyCount "30"]
[EventDate "2016.11.19"]

1. e4 Nf6 2. d3 d6 3. Nf3 g6 4. c4 Bg7 5. g3 O-O 6. Bg2 c5 7. O-O Nc6 8. Nc3 a6
9. h3 Rb8 10. a4 Ne8 11. Be3 Nd4 12. Bxd4 cxd4 13. Ne2 e5 14. Nd2 f5 15. Kh2
Nf6 1/2-1/2

[Event "26th WSCC 2016 Open 50+"]
[Site "Marianske Lazne, Czech Republic - Hotel Cristal and Continental"]
[Date "2016.11.24"]
[Round "6.30"]
[White "Grant, Jonathan I M"]
[Black "Levrand, Roland"]
[Result "1/2-1/2"]
[WhiteElo "2218"]
[BlackElo "2097"]
[PlyCount "107"]
[EventDate "2016.11.19"]

1. c4 e5 2. g3 Nc6 3. Nc3 Bc5 4. Bg2 d6 5. Nf3 Be6 6. d3 Qd7 7. e3 Bh3 8. O-O
Nf6 9. a3 a5 10. d4 Bxg2 11. Kxg2 Bb6 12. Nd5 Nxd5 13. cxd5 Ne7 14. dxe5 dxe5
15. e4 Ng6 16. Bd2 O-O 17. Bc3 Rae8 18. b4 a4 19. h3 f5 20. Ng5 fxe4 21. Qh5 h6
22. Qxg6 hxg5 23. Qxe4 Rf5 24. Rad1 Qf7 25. f3 g6 26. Rd3 Kh7 27. Re1 c6 28.
dxc6 bxc6 29. Qxc6 Rf6 30. Qd5 Qxd5 31. Rxd5 Rc6 32. Rd7+ Kg8 33. Bd2 Rc2 34.
Rc1 Ra2 35. Kf1 Rxa3 36. Rc6 Bd4 37. Rxg6+ Kh8 38. Rh6+ Kg8 39. Rg6+ Kh8 40.
Bxg5 Rxf3+ 41. Ke2 Rf2+ 42. Ke1 Ref8 43. Bf4 Rb2 44. Rh6+ Kg8 45. Rg6+ Kh8 46.
h4 Bf2+ 47. Kf1 exf4 48. Rh6+ Kg8 49. Rg6+ Kh8 50. Rh6+ Kg8 51. Rg6+ Kh8 52.
Rh6+ Kg8 53. Rg6+ Kh8 54. Rh6+ 1/2-1/2

[Event "26th WSCC 2016 Open 50+"]
[Site "Marianske Lazne, Czech Republic - Hotel Cristal and Continental"]
[Date "2016.11.24"]
[Round "6.31"]
[White "Lacina, Adolf"]
[Black "Miculka, Petr"]
[Result "1/2-1/2"]
[WhiteElo "2206"]
[BlackElo "1995"]
[PlyCount "159"]
[EventDate "2016.11.19"]

1. e4 c5 2. Nf3 Nc6 3. d4 cxd4 4. Nxd4 Nf6 5. Nc3 e5 6. Ndb5 d6 7. Bg5 a6 8.
Na3 b5 9. Bxf6 gxf6 10. Nd5 Bg7 11. c3 f5 12. exf5 Bxf5 13. Nc2 O-O 14. Nce3
Be6 15. Bd3 f5 16. O-O Rb8 17. a4 Ne7 18. Bc2 Qd7 19. axb5 axb5 20. Ra6 Nxd5
21. Nxd5 Kh8 22. Nb4 Rbd8 23. Qd2 Rg8 24. Rd1 Bf8 25. Rda1 Qb7 26. g3 Qf7 27.
Nc6 Rd7 28. Ra8 Qf6 29. b4 f4 30. R1a7 fxg3 31. hxg3 Qf3 32. Qd3 Qxd3 33. Bxd3
Bh6 34. Bxb5 Bd2 35. c4 Rxa7 36. Rxa7 Rg4 37. Ra8+ Kg7 38. Rd8 Bxc4 39. Rd7+
Kf8 40. Bxc4 Rxc4 41. b5 Rc1+ 42. Kg2 Rb1 43. Rxd6 Bc3 44. Rd5 e4 45. Rc5 Bf6
46. Rf5 Kg7 47. g4 h6 48. Kg3 Rb3+ 49. Kg2 e3 50. fxe3 Rxe3 51. Rf4 Rb3 52. Rb4
Rxb4 53. Nxb4 Bd4 54. Kf3 Kg6 55. Nd5 Kg5 56. Nf4 Ba7 57. Ne6+ Kf6 58. Nf4 Kg5
59. Nh5 Bd4 60. Ng3 Ba7 61. Ne4+ Kg6 62. Kf4 Bb8+ 63. Ke3 Ba7+ 64. Kd3 h5 65.
gxh5+ Kxh5 66. Kc4 Kg6 67. Kd5 Kh5 68. Kc6 Kh4 69. Nd6 Kg4 70. Nc8 Bf2 71. Nb6
Kf3 72. Nd7 Ba7 73. Kb7 Bg1 74. Nb8 Kg2 75. Nc6 Kh1 76. Ne5 Kg2 77. Kc6 Ba7 78.
Nd3 Kh1 79. b6 Bxb6 80. Kxb6 1/2-1/2

[Event "26th WSCC 2016 Open 50+"]
[Site "Marianske Lazne, Czech Republic - Hotel Cristal and Continental"]
[Date "2016.11.24"]
[Round "6.32"]
[White "Hartung-Nielsen, Jens"]
[Black "Sielicki, Tomasz"]
[Result "1/2-1/2"]
[WhiteElo "2200"]
[BlackElo "1947"]
[PlyCount "71"]
[EventDate "2016.11.19"]

1. e4 e5 2. Nf3 Nc6 3. Nc3 Nf6 4. Bb5 Nd4 5. Nxd4 exd4 6. e5 dxc3 7. exf6 Qxf6
8. dxc3 Qe5+ 9. Be2 Bc5 10. O-O O-O 11. g3 d6 12. Bf4 Qf6 13. Bf3 Bh3 14. Re1
g5 15. Be3 Rae8 16. Bxb7 Bxe3 17. Rxe3 Rxe3 18. fxe3 Qe5 19. Qf3 g4 20. Qf4 Re8
21. Kf2 Qb5 22. Be4 Qxb2 23. Rd1 Qxc3 24. Qg5+ Qg7 25. Qxg7+ Kxg7 26. Rd4 Re5
27. Ra4 a5 28. Bd3 h6 29. Rc4 Rc5 30. Rf4 Re5 31. Bc4 f6 32. Bd3 Kf7 33. Be2
Rc5 34. Bd3 Re5 35. Rc4 Rc5 36. Rf4 1/2-1/2

[Event "26th WSCC 2016 Open 50+"]
[Site "Marianske Lazne, Czech Republic - Hotel Cristal and Continental"]
[Date "2016.11.24"]
[Round "6.33"]
[White "Barron, Michael"]
[Black "Malinovsky, Petr"]
[Result "1-0"]
[WhiteElo "2189"]
[BlackElo "1957"]
[PlyCount "121"]
[EventDate "2016.11.19"]

1. e4 c5 2. Nf3 e6 3. d4 cxd4 4. Nxd4 Nf6 5. Nc3 Nc6 6. Ndb5 Bc5 7. Bf4 O-O 8.
Bc7 Qe7 9. Bd6 Bxd6 10. Qxd6 Qd8 11. Be2 a6 12. Nc7 Ra7 13. e5 b5 14. exf6 Qxc7
15. Qg3 Qxg3 16. hxg3 gxf6 17. Ne4 Kg7 18. Nd6 Na5 19. O-O-O Nb7 20. Nxc8 Rxc8
21. Rxd7 Rca8 22. b4 Nd8 23. Rd4 f5 24. Rdh4 a5 25. Rxh7+ Kf6 26. R1h6+ Ke7 27.
a3 axb4 28. axb4 Nc6 29. Rh4 Ra1+ 30. Kd2 Rd8+ 31. Kc3 Ra3+ 32. Kb2 Ra4 33.
Bxb5 Rxb4+ 34. Rxb4 Nxb4 35. Rh4 Nd5 36. Bd3 Nf6 37. Kc3 Ng4 38. f3 Ne3 39. Kd2
Nf1+ 40. Ke2 Nxg3+ 41. Kf2 Rg8 42. Ra4 Nh5 43. Ra7+ Kf6 44. c4 Nf4 45. Bf1 Rc8
46. g3 Nh5 47. Ra5 Ng7 48. f4 Ne8 49. c5 Ke7 50. Ke3 Rc7 51. Kd4 Nf6 52. Bg2
Rd7+ 53. Kc4 Ne4 54. c6 Rc7 55. Bxe4 fxe4 56. Kc5 f5 57. Ra8 e3 58. Ra3 Rc8 59.
Rxe3 Rb8 60. Ra3 Rb1 61. Ra7+ 1-0

[Event "26th WSCC 2016 Open 50+"]
[Site "Marianske Lazne, Czech Republic - Hotel Cristal and Continental"]
[Date "2016.11.24"]
[Round "6.34"]
[White "Bergstrom, Rolf"]
[Black "Elias, Miroslav"]
[Result "1-0"]
[WhiteElo "2296"]
[BlackElo "2043"]
[PlyCount "81"]
[EventDate "2016.11.19"]

1. e4 c6 2. d4 d5 3. exd5 cxd5 4. c4 Nf6 5. Nc3 g6 6. cxd5 Nxd5 7. Bc4 Nb6 8.
Bb3 Bg7 9. d5 O-O 10. Be3 Na6 11. Nge2 Bg4 12. h3 Bxe2 13. Qxe2 Rc8 14. O-O Nc5
15. Rfd1 Nxb3 16. axb3 a6 17. d6 e6 18. Qf3 Rc6 19. Rxa6 Nd5 20. Rxc6 bxc6 21.
Bc5 Qd7 22. Ra1 Rb8 23. Ra7 Qe8 24. b4 Bf8 25. Ne4 Rd8 26. Qd3 Bg7 27. Qa6 Be5
28. g3 Kg7 29. Ng5 Rd7 30. Qxc6 Nf6 31. Ra8 Rxd6 32. Qxe8 Rd1+ 33. Kg2 Nxe8 34.
Rxe8 h6 35. Bf8+ Kf6 36. Bxh6 Rb1 37. Rf8 Bxb2 38. Rxf7+ Ke5 39. Bg7+ Kd5 40.
Bxb2 Rxb2 41. Rf4 1-0

[Event "26th WSCC 2016 Open 50+"]
[Site "Marianske Lazne, Czech Republic - Hotel Cristal and Continental"]
[Date "2016.11.24"]
[Round "6.35"]
[White "Siebenburger, Vlastimil"]
[Black "Urban, Zdenek"]
[Result "1-0"]
[WhiteElo "2048"]
[BlackElo "2205"]
[PlyCount "63"]
[EventDate "2016.11.19"]

1. d4 Nf6 2. c4 c5 3. d5 g6 4. Nc3 d6 5. e4 Bg7 6. Nf3 O-O 7. Bd3 e6 8. O-O
exd5 9. cxd5 a6 10. a4 b6 11. Bg5 Re8 12. Nd2 Nbd7 13. f4 h6 14. Bh4 Qc7 15.
Nc4 Rb8 16. e5 dxe5 17. fxe5 Nxe5 18. Bxf6 Bxf6 19. Rxf6 Ng4 20. d6 Qd8 21. Rf4
Qg5 22. Qf3 b5 23. axb5 axb5 24. Rxf7 Bb7 25. Rxb7 Rxb7 26. Ne4 Rxe4 27. Bxe4
Rg7 28. Rd1 Nf6 29. Nb6 Nxe4 30. Qxe4 Qd8 31. Qa8 Rd7 32. Qxd8+ 1-0

[Event "26th WSCC 2016 Open 50+"]
[Site "Marianske Lazne, Czech Republic - Hotel Cristal and Continental"]
[Date "2016.11.24"]
[Round "6.36"]
[White "Kolesar, Milan"]
[Black "Spiess, Thomas"]
[Result "1/2-1/2"]
[WhiteElo "2194"]
[BlackElo "1999"]
[PlyCount "58"]
[EventDate "2016.11.19"]

1. Nf3 d5 2. d4 Nf6 3. c4 c6 4. cxd5 cxd5 5. Nc3 Nc6 6. Bf4 Bf5 7. e3 e6 8. Bb5
Nd7 9. Qa4 Rc8 10. Bxc6 Rxc6 11. Qxa7 Qc8 12. Qa5 Ra6 13. Qc7 Qxc7 14. Bxc7 Bb4
15. a3 Bxc3+ 16. bxc3 Ke7 17. Kd2 Nf6 18. Rhc1 Ne4+ 19. Ke1 Rc8 20. Bg3 Rxc3
21. Rcb1 b6 22. Rb4 Rcxa3 23. Rxa3 Rxa3 24. Rxb6 Ra1+ 25. Ke2 Nc3+ 26. Kd2 Ne4+
27. Ke2 Nc3+ 28. Kd2 Ne4+ 29. Ke2 Nc3+ 1/2-1/2

[Event "26th WSCC 2016 Open 50+"]
[Site "Marianske Lazne, Czech Republic - Hotel Cristal and Continental"]
[Date "2016.11.24"]
[Round "6.37"]
[White "Folk, Petr"]
[Black "Krutina, Miroslav"]
[Result "1-0"]
[WhiteElo "2182"]
[BlackElo "1983"]
[PlyCount "77"]
[EventDate "2016.11.19"]

1. e4 g6 2. d4 Bg7 3. Nc3 d6 4. f4 e6 5. Nf3 Ne7 6. Bd3 Nd7 7. Be3 b6 8. Qd2
Bb7 9. O-O Nf6 10. h3 d5 11. e5 Ne4 12. Bxe4 dxe4 13. Ng5 Nf5 14. Ngxe4 h5 15.
Rad1 Qd7 16. Qe1 O-O-O 17. Rf2 Qe7 18. Ng5 Rd7 19. Nce4 Rhd8 20. c3 Kb8 21.
Rfd2 Bd5 22. b4 Rf8 23. Bf2 Qe8 24. Nh7 Rd8 25. Nxf8 Qxf8 26. Rc2 Bh6 27. g3
Bc6 28. Rb2 a6 29. Qe2 Ka7 30. a4 Rd7 31. b5 Bb7 32. a5 Qa8 33. axb6+ cxb6 34.
Ra1 Kb8 35. Rxa6 Bxa6 36. bxa6 Qc6 37. Nf6 Ra7 38. d5 Qa4 39. Rxb6+ 1-0

[Event "26th WSCC 2016 Open 50+"]
[Site "Marianske Lazne, Czech Republic - Hotel Cristal and Continental"]
[Date "2016.11.24"]
[Round "6.38"]
[White "Sykora, Ondrej"]
[Black "Horak, Vladimir"]
[Result "1-0"]
[WhiteElo "2179"]
[BlackElo "1961"]
[PlyCount "47"]
[EventDate "2016.11.19"]

1. e4 e6 2. d4 d5 3. e5 c5 4. c3 Qb6 5. Nf3 Bd7 6. Bd3 cxd4 7. cxd4 Bb5 8. Bc2
Bb4+ 9. Nc3 Bxc3+ 10. bxc3 Qa6 11. Ng5 f5 12. exf6 Nxf6 13. Nxh7 Nbd7 14. Ng5
Ke7 15. f4 Raf8 16. a4 Bc4 17. Ba3+ Kd8 18. g3 Kc8 19. Bxf8 Rxf8 20. Kd2 e5 21.
dxe5 Ne4+ 22. Nxe4 dxe4 23. Kc1 Be2 24. Qd6 1-0

[Event "26th WSCC 2016 Open 50+"]
[Site "Marianske Lazne, Czech Republic - Hotel Cristal and Continental"]
[Date "2016.11.24"]
[Round "6.39"]
[White "Petras, Milan"]
[Black "Kozak, Milos"]
[Result "0-1"]
[WhiteElo "1969"]
[BlackElo "2159"]
[PlyCount "184"]
[EventDate "2016.11.19"]

1. e4 c6 2. d4 d5 3. exd5 cxd5 4. c4 Nf6 5. Nc3 e6 6. c5 Be7 7. Bd3 O-O 8. Nf3
b6 9. cxb6 Qxb6 10. a3 a5 11. O-O Ba6 12. Ne5 Rc8 13. Rb1 Bxd3 14. Qxd3 Nc6 15.
Na4 Qb7 16. Bf4 Nxe5 17. Bxe5 Rc4 18. b3 Rc6 19. Bxf6 gxf6 20. Nc5 Bxc5 21.
dxc5 Rxc5 22. b4 axb4 23. Rxb4 Qc7 24. Rh4 Rb8 25. Qxh7+ Kf8 26. h3 Ke7 27. Qg7
Rc1 28. Rxc1 Qxc1+ 29. Kh2 Rb1 30. Rb4 Rxb4 31. axb4 Qf4+ 32. Qg3 Qxb4 33. Qc7+
Kf8 34. g3 Qd4 35. Kg1 Qe4 36. h4 Qf3 37. Qc1 e5 38. h5 Kg7 39. Qc5 d4 40. h6+
Kxh6 41. Qf8+ Kg6 42. Qg8+ Kh6 43. Qxf7 Qf5 44. Kf1 Qg6 45. Qd5 Qd3+ 46. Ke1
Qc3+ 47. Kf1 Qd3+ 48. Kg2 Qf5 49. Qd8 Kg5 50. f4+ exf4 51. Qxd4 Kg4 52. gxf4
Qxf4 53. Qd7+ Kh5 54. Qh3+ Kg5 55. Qh8 Qd2+ 56. Kf1 Qf4+ 57. Kg1 Qg3+ 58. Kh1
Qf3+ 59. Kg1 Qg4+ 60. Kf1 Qf4+ 61. Ke1 Qe4+ 62. Kf2 Qf4+ 63. Ke2 Qe5+ 64. Kf1
Kg4 65. Qg7+ Kf4 66. Qf8 Kf3 67. Qa3+ Qe3 68. Qa8+ Kg3 69. Qg8+ Kf4 70. Qf8
Qf3+ 71. Ke1 Qc3+ 72. Kf1 Ke3 73. Qh6+ Ke4 74. Qh4+ Kf5 75. Qh5+ Ke4 76. Qh4+
Kd5 77. Qh8 Qf3+ 78. Ke1 Qe3+ 79. Kf1 Qf4+ 80. Kg1 Ke4 81. Qa8+ Kf5 82. Qc8+
Kg5 83. Qd8 Kg4 84. Qd7+ Kh4 85. Qh7+ Kg4 86. Qd7+ f5 87. Qg7+ Qg5 88. Qb7 Qe3+
89. Kh2 Qg3+ 90. Kh1 Qf3+ 91. Qxf3+ Kxf3 92. Kh2 f4 0-1

[Event "26th WSCC 2016 Open 50+"]
[Site "Marianske Lazne, Czech Republic - Hotel Cristal and Continental"]
[Date "2016.11.24"]
[Round "6.40"]
[White "Hrabal, Ivan"]
[Black "Babar, Michael"]
[Result "0-1"]
[WhiteElo "1932"]
[BlackElo "2129"]
[PlyCount "110"]
[EventDate "2016.11.19"]

1. e3 g6 2. f4 Bg7 3. Nf3 b6 4. d4 Bb7 5. Bd3 c5 6. c3 Nf6 7. O-O O-O 8. Nbd2
Ba6 9. c4 cxd4 10. Nxd4 Nc6 11. N2f3 Qc8 12. Bd2 Nxd4 13. Nxd4 d5 14. Rc1 Qd7
15. Qe2 Rac8 16. b3 dxc4 17. Bxc4 Bxc4 18. Rxc4 Rxc4 19. Qxc4 Ne4 20. Rd1 Bxd4
21. Qxd4 Qxd4 22. exd4 Rc8 23. Rc1 Rxc1+ 24. Bxc1 f5 25. Kf1 Kf7 26. a3 Ke6 27.
Ke2 Kd5 28. Bb2 Nf6 29. Kf3 b5 30. Bc3 Ne4 31. Bb4 Kxd4 32. a4 bxa4 33. bxa4 e6
34. h3 Nc5 35. Be1 a6 36. a5 Ne4 37. g4 Kd3 38. Bb4 Kc4 39. Be7 Kd4 40. Bd8 Kd3
41. Bc7 Nd2+ 42. Kg3 Ke4 43. Kh4 Nf3+ 44. Kg3 Nd4 45. Kf2 Nc6 46. Kg3 h6 47. h4
Nd4 48. h5 gxh5 49. g5 hxg5 50. fxg5 e5 51. g6 f4+ 52. Kf2 Ne6 53. Bd6 Kf5 54.
Kf3 e4+ 55. Kf2 Kxg6 0-1

[Event "26th WSCC 2016 Open 50+"]
[Site "Marianske Lazne, Czech Republic - Hotel Cristal and Continental"]
[Date "2016.11.24"]
[Round "6.42"]
[White "Gollain, Marc"]
[Black "Danek, Pavel"]
[Result "1-0"]
[WhiteElo "2097"]
[BlackElo "1917"]
[PlyCount "151"]
[EventDate "2016.11.19"]

1. c4 e6 2. g3 d5 3. Bg2 c6 4. Nf3 f5 5. O-O Nf6 6. d3 dxc4 7. dxc4 Qxd1 8.
Rxd1 Be7 9. b3 Ne4 10. Bb2 Bf6 11. Bxf6 gxf6 12. Nbd2 Nd6 13. c5 Nf7 14. Nc4
Na6 15. Nd6+ Ke7 16. Nxf7 Kxf7 17. Rac1 Ke7 18. Rd4 Bd7 19. b4 Rad8 20. a3 Be8
21. Rxd8 Kxd8 22. Nd4 Nc7 23. e3 Bd7 24. Bf1 Ke7 25. Bd3 Ra8 26. Nb3 Rd8 27.
Kf1 e5 28. Na5 Bc8 29. Ke2 h6 30. f4 e4 31. Bc4 Ke8 32. Rc2 Ke7 33. Rb2 a6 34.
a4 Rd7 35. Nb3 Ne8 36. Nd4 Rc7 37. Rd2 Ng7 38. Ke1 Ke8 39. Nb3 Rd7 40. Nd4 Rc7
41. Rc2 Ke7 42. Bf1 Bd7 43. Bc4 Rc8 44. Kd2 Ra8 45. Nb3 Rd8 46. Kc3 Be6 47. Nd4
Bd7 48. Rd2 Ra8 49. Nb3 Rd8 50. Ra2 Ra8 51. Na5 Rb8 52. Rd2 Be6 53. Bxa6 Bc8
54. Bc4 Ra8 55. Bb3 Ne8 56. Nc4 Nc7 57. Nb6 Rb8 58. Rd6 Na6 59. Nxc8+ Rxc8 60.
Be6 Rd8 61. Rxd8 Kxd8 62. Bxf5 Nc7 63. Bxe4 Ke7 64. Kc4 Ke6 65. b5 Kd7 66. Bf5+
Kd8 67. e4 Ne8 68. Kd4 Nc7 69. b6 Ne8 70. a5 Ng7 71. Bh3 Nh5 72. e5 fxe5+ 73.
Kxe5 Ng7 74. Bf1 Kc8 75. a6 Kb8 76. f5 1-0